000 00621nam a22001817a 4500
003 BUBTL
008 200121b xxu||||| |||| 00| 0 eng d
020 _a9789848858
082 _a891.443/ M2891s/ 2012
100 _92326
_aমজুমদার, সমরেশ
245 _aসাতকাহন /
_cসমরেশ মজুমদার
260 _aঢাকা :
_bনবযুগ প্রকাশনী,
_cc2012.
300 _a848 p. :
_c22 cm.
650 0 _91687
_aবাংলা সাহিত্য
856 _k0
_l0
_yDownload
942 _2ddc
_cBK
999 _c6248
_d6248